000 00738nam a22002417a 4500
003 UA-OsUOA
001 34833
007 ta
008 20051024b un ||||| |||| 00| 0 ukr d
100 _aБантиш-Каменський Д. Н.
090 _a94(477)
_bБ23
942 _cBK
040 _aUA-OsUOA
_brus
_cUA-OsUOA
_dUA-OsUOA
245 _aИстория Малой России от водворения славян в сей стране до уничтожения гетманства
300 _a656 с.
955 _a2
041 _arus
080 _a94(477)
020 _a5-88520-125-0
260 _aК.
_bЧас
_c1993
650 7 _a9 Географія. Біографії. Історія
_2UDC
999 _c321263
_d321263